01840nam a2200409Ia 4500001001200000003000800012006001900020007001500039008004100054010001700095020001800112040002100130035002100151050002800172082003000200100001700230245011900247260005500366300003000421490006100451504005100512533015200563650005200715650005400767650006200821650005400883650005100937650006000988651005501048651003301103651004301136655002901179710001701208830006201225856012601287999001701413ebr10406914CaPaEBRm u cr cn|||||||||091208s2010 miuab sb s001 0 eng d z 2009050348 z9780472117246 aCaPaEBRcCaPaEBR a(OCoLC)65574273314aHV6535.G33bB474 2010eb04a364.152/30943155090422221 aElder, Sace.10aMurder scenesh[electronic resource] :bnormality, deviance, and criminal violence in Weimar Berlin /cSace Elder. aAnn Arbor :bUniversity of Michigan Press,cc2010. aix, 266 p. :bill., maps.1 aSocial history, popular culture, and politics in Germany aIncludes bibliographical references and index. aElectronic reproduction.bPalo Alto, Calif. :cebrary,d2011.nAvailable via World Wide Web.nAccess may be limited to ebrary affiliated libraries. 0aMurderzGermanyzBerlinxHistoryy20th century. 0aHomicidezGermanyzBerlinxHistoryy20th century. 0aDeviant behaviorzGermanyzBerlinxHistoryy20th century. 0aViolencezGermanyzBerlinxHistoryy20th century. 0aCrimezGermanyzBerlinxHistoryy20th century. 0aCommunity lifezGermanyzBerlinxHistoryy20th century. 0aBerlin (Germany)xSocial conditionsy20th century. 0aGermanyxHistoryy1918-1933. 0aGermanyxSocial conditionsy1918-1933. 7aElectronic books.2local2 aebrary, Inc. 0aSocial history, popular culture, and politics in Germany.40uhttp://site.ebrary.com/lib/rucke/Doc?id=10406914zAn electronic book accessible through the World Wide Web; click to view c81202d81202